Central Library OPAC University of Rajshahi

Mitochondrial physiology and pathology / (Record no. 69283)

MARC details
000 -LEADER
fixed length control field 00889nam a2200277 a 4500
001 - CONTROL NUMBER
control field 69283
003 - CONTROL NUMBER IDENTIFIER
rucl marc code BD-RjUL
005 - DATE AND TIME OF LATEST TRANSACTION
control field 20211209081852.0
008 - FIXED-LENGTH DATA ELEMENTS--GENERAL INFORMATION
fixed length control field 170410s1986 nyu 001 0 eng d
020 ## - INTERNATIONAL STANDARD BOOK NUMBER
International Standard Book Number 0442227256
035 ## - SYSTEM CONTROL NUMBER
System control number (BD-RjUL)69494
040 ## - CATALOGING SOURCE
Original cataloging agency DNLM/DLC
Transcribing agency DLC
Modifying agency OCL
-- MYG
Language of cataloging eng
041 ## - LANGUAGE CODE
Language code of text/sound track or separate title eng
082 ## - DEWEY DECIMAL CLASSIFICATION NUMBER
Edition number 23
Classification number 571.657
Author mark and year MIT 1986
245 00 - TITLE STATEMENT
Title Mitochondrial physiology and pathology /
Statement of responsibility, etc. Gary Fiskum, editor.
260 ## - PUBLICATION, DISTRIBUTION, ETC. (IMPRINT)
Place of publication, distribution, etc. New York :
Name of publisher, distributor, etc. Van Nostrand Reinhold,
Date of publication, distribution, etc. c1986.
300 ## - PHYSICAL DESCRIPTION
Pagination xiv, 207 p. ;
Size 24 cm.
490 1# - SERIES STATEMENT
Series statement Van Nostrand Reinhold advanced cell biology series
504 ## - BIBLIOGRAPHY, ETC. NOTE
Bibliography, etc Includes bibliographies and index.
650 #0 - SUBJECT ADDED ENTRY--TOPICAL TERM
Topical term or geographic name as entry element Mitochondria.
9 (RLIN) 205203
Topical term or geographic name as entry element Pathology, Cellular.
9 (RLIN) 205268
700 1# - ADDED ENTRY--PERSONAL NAME
Personal name Fiskum, Gary.
830 #0 - SERIES ADDED ENTRY--UNIFORM TITLE
Uniform title Van Nostrand Reinhold advanced cell biology series.
942 ## - ADDED ENTRY ELEMENTS (KOHA)
Source of classification or shelving scheme Dewey Decimal Classification
Koha item type Books
949 ## - LOCAL PROCESSING INFORMATION (OCLC)
a MYGS
b 39080004359185
Holdings
Lost status Source of classification or shelving scheme Damaged status Not for loan Collection code Permanent Location Current Location Shelving location Date acquired Source of acquisition Total Checkouts Full call number Date last seen Copy number Koha item type
  Dewey Decimal Classification   Not For Loan Non-fiction Central Library, University of Rajshahi Central Library, University of Rajshahi Reading Room 08/01/1990 Asia Foundation   571.657 MIT 1986 10/04/2017 C-1 Books